|
|
|
|
| LEADER |
00000cam a2200000 a 4500 |
| 001 |
vtls001069308 |
| 003 |
SK-MaSNL |
| 005 |
20260425221758.0 |
| 008 |
240315s1992 xo g 000 0 slo |
| 015 |
|
|
|a SNBA1992/10
|
| 020 |
|
|
|a 8008017635
|q (viazané)
|z 8008014415
|
| 035 |
|
|
|a SNK000012138
|
| 035 |
|
|
|a urn:nbn:sk:snk-am3iala
|
| 035 |
|
|
|a 6386C780-B9B7-4C0F-9E65-789085DD6781
|
| 035 |
|
|
|a urn:nbn:sk:snk-am00e0j0
|
| 040 |
|
|
|a SNK
|b slo
|c SNK
|e AACR2
|
| 041 |
0 |
|
|a slo
|a eng
|
| 044 |
|
|
|a xo
|c SK
|
| 080 |
|
|
|a 801.323.2=20=854
|2 1981
|
| 080 |
|
|
|a 820
|2 1981
|
| 080 |
|
|
|a 808.54
|2 1981
|
| 100 |
1 |
|
|a Šaturová, Magda,
|d 1929-2016
|4 aut
|9 168596
|
| 245 |
1 |
0 |
|a Slovensko-anglický a anglicko-slovenský turistický slovník
|c Magda Šaturová-Seppová ; Viera Sláviková, Štefan Pavelka
|
| 250 |
|
|
|a 3. vyd.
|
| 260 |
|
|
|a Bratislava
|b Slovenské pedagogické nakladateľstvo
|c 1992
|e spol. s r.o., Prešov
|f POLYGRAF
|
| 300 |
|
|
|a 244, 118 s.
|c 14 cm
|
| 650 |
0 |
7 |
|a slovenčina
|2 SNKPH
|9 1350
|
| 650 |
0 |
7 |
|a angličtina
|2 SNKPH
|9 1260
|
| 655 |
|
7 |
|a slovníky
|2 SNKPH
|9 70413
|
| 700 |
1 |
|
|a Sláviková, Viera
|4 bkd
|9 277434
|
| 700 |
1 |
|
|a Pavelka, Štefan,
|d 1930-2013
|4 bkd
|9 111830
|
| 919 |
|
|
|a 80-08-01763-5
|
| 958 |
|
|
|a TL
|
| 999 |
|
|
|c 532575
|d 534505
|
| 952 |
|
|
|t P60, <04>, [BOOK], {604}
|a SNK
|b SNK
|y VYP
|7 0
|p 17A0157959
|o snkSE 8321 D1
|0 0
|1 0
|4 0
|d 1998-08-26
|l 0
|r 2004-12-31 00:00:00
|w 2026-02-23
|
| 952 |
|
|
|a SNK
|b SNK
|y PREZ
|7 0
|p 17A0786670
|o snkSE 8321
|0 0
|1 0
|4 0
|d 2012-01-24
|f 1
|l 0
|r 2026-02-23 12:12:54
|w 2026-02-23
|